000 02375cam a22006254a 4500
001 6324379
005 20220326193338.0
006 g--- vl
008 071016s2007 bl a b 000 0dpor c
020 _a9788577340408
020 _a8577340406
035 _a(OCoLC)ocn174311599
035 _a(OCoLC)174311599
035 _a(NNC)6324379
040 _aSTF
_cSTF
041 1 _apor
_aeng
_aspa
_hpor
042 _apcc
082 _a709.81
_bN322a
100 _aAdolfo Montejo Navas
_94231
245 0 0 _aAnna Bella Geiger :
_bterritórios, passagens, situações /
_cAdolfo Montejo Navas,
246 3 0 _aTerritórios, passagens, situações
260 _a[Rio de Janeiro?] :
_bCasa da Palavra,
_c[2007]
300 _a354 p. :
_bill. (col.) ;
_c29 cm. +
_e1 videodisc (4 3/4 in.)
500 _aAccompanying DVD entitled: Anna Bella Geiger : videofragmentos, 1974-2006
504 _aIncludes bibliographical references (p. [337]-344).
505 _tvisor 1
_tEnsaios Centrais
_tvisor 2
_tvisor 3
_tPerfil de artista
_tvisor 4
_tPoéticas da artista
_tvisor 5
_tFortuna Critica
_tvisor 6
_tCronologia
_tversao ingles
_tversao español
_tvisor 7
_tbibliografia
_tRelacao de obras
_tCreditos de fotografias
_tvisor 8
_tencarte DVD
546 _aIn Portuguese with accompanying English and Spanish translations.
600 1 0 _aGeiger, Anna Bella. 1933-
_94232
650 _aArte moderno
_xCritica e interpretacion
_zBrasil
_94233
700 1 _aMontejo Navas, Adolfo.
_94234
700 1 _aGeiger, Anna Bella.
_94235
700 1 _aBrett, Guy
_94313
700 1 _aStempel, Karin
_94314
700 1 _aBarja, Wagner
_94315
700 1 _aFarias, Agnaldo
_94316
700 1 _aCocchiarale, Fernando
_94317
700 1 _aPerez, Amador
_94318
700 1 _aMattos, Armando
_94319
700 1 _aJobim, Beth
_94320
700 1 _aN., Bob
_94321
700 1 _aCarvalho, Bruno
_94322
700 1 _aMachado, Ivens
_94323
700 1 _aBoechat, Paula
_94324
700 1 _aPedrosa, Mário
_94325
700 1 _aBittencourt, Francisco
_94326
700 1 _aGinle Filho, Jorge
_94327
700 1 _aAshton, Dore
_94328
700 1 _aChiarelli, Tadeu
_94329
700 1 _aFabris, Annateresa
_94330
700 1 _aFabris, Mariarosaura
_94331
700 1 _aDoctors, Márcio
_94332
740 0 2 _aVideofragmentos, 1974-2006.
948 1 _a20071105
_bc
_crhg9
_dSCMC
999 _c793
_d793